[Event "Superfinal 65th RUS-ch"]
[Site "Moscow"]
[Date "2012.08.05"]
[Round "3"]
[White "Sjugirov, Sanan"]
[Black "Vitiugov, Nikita"]
[Result "1/2-1/2"]
[WhiteElo "2625"]
[BlackElo "2705"]
[PlyCount "102"]
[EventDate "2012.??.??"]
[EventCountry "RUS"]

1. d4 Nf6 2. c4 e6 3. Nf3 d5 4. Nc3 Bb4 5. cxd5 exd5 6. Bg5 h6 7. Bh4 g5 8. Bg3
Ne4 9. Nd2 Nxg3 10. hxg3 c6 11. e4 Be6 12. Qb3 Qa5 13. exd5 cxd5 14. Bb5+ Nc6
15. a3 Bd6 16. Nf3 g4 17. Nh4 Kf8 18. Bxc6 bxc6 19. Qc2 Qb6 20. Ne2 Qa5+ 21.
Nc3 Qb6 22. Rd1 Rb8 23. Rd2 Be7 24. Qd3 Bg5 25. Rc2 Bc8 26. Ne2 Qb3 27. Qxb3
Rxb3 28. Rxc6 Kg7 29. O-O Bd7 30. Rc7 Bb5 31. Rb7 Rxb2 32. Nf4 Bxf4 33. gxf4
Bxf1 34. Rxb2 Bd3 35. Rb3 Be4 36. f3 gxf3 37. gxf3 Bh7 38. Rb5 Rc8 39. Rxd5 Rc4
40. Rd6 Ra4 41. f5 h5 42. f6+ Kh6 43. Rd7 Bb1 44. f4 Rxa3 45. Rxf7 Rg3+ 46. Kh2
Rg4 47. Nf3 Rxf4 48. Ne5 Kg5 49. d5 Rxf6 50. Rxa7 Rf2+ 51. Kg3 Ra2 1/2-1/2

[Event "81st Ukrainian Chess Championship"]
[Site "Kiev"]
[Date "2012.08.05"]
[Round "9"]
[White "Ponomariov, Ruslan"]
[Black "Korobov, Anton"]
[Result "1/2-1/2"]
[WhiteElo "2726"]
[BlackElo "2683"]
[PlyCount "77"]
[EventDate "2012.??.??"]
[EventCountry "UKR"]

1. d4 d5 2. c4 c6 3. Nf3 Nf6 4. e3 e6 5. Bd3 Nbd7 6. O-O dxc4 7. Bxc4 b5 8. Bd3
Bb7 9. e4 a6 10. a4 Be7 11. Bg5 h6 12. Bh4 Nh5 13. Bxe7 Qxe7 14. Re1 O-O 15.
Nbd2 Rad8 16. Bf1 e5 17. axb5 cxb5 18. d5 f5 19. exf5 Bxd5 20. Qc2 Rc8 21. Qd3
Nf4 22. Qa3 b4 23. Qe3 Rxf5 24. g3 Ng6 25. Rxa6 Rf6 26. Ra5 Qf7 27. Bg2 Rd6 28.
Ne4 Bxe4 29. Qxe4 Rc4 30. Qa8+ Kh7 31. h4 Qf5 32. Qd8 Rc2 33. Ra8 Qf7 34. h5
Ngf8 35. Qe8 Qf6 36. Qd8 Qf7 37. Qe8 Qf6 38. Qd8 Qf7 39. Qe8 1/2-1/2

[Event "81st Ukrainian Chess Championship"]
[Site "Kiev"]
[Date "2012.08.05"]
[Round "9"]
[White "Moiseenko, Alexander"]
[Black "Vovk, Yuri"]
[Result "1-0"]
[WhiteElo "2706"]
[BlackElo "2584"]
[PlyCount "87"]
[EventDate "2012.??.??"]
[EventCountry "UKR"]

1. d4 Nf6 2. c4 g6 3. Nc3 Bg7 4. e4 d6 5. Bd3 O-O 6. Nge2 Nc6 7. O-O e5 8. d5
Nd4 9. Nxd4 exd4 10. Ne2 Nd7 11. b4 a5 12. b5 Nc5 13. Bb2 Re8 14. Qc2 Qh4 15.
f3 f5 16. Bxd4 fxe4 17. Bxe4 Bxd4+ 18. Nxd4 Nxe4 19. fxe4 Qxe4 20. Qf2 Qe3 21.
Qxe3 Rxe3 22. Rae1 Rxe1 23. Rxe1 Kf8 24. b6 Bd7 25. Nb5 Bxb5 26. cxb5 cxb6 27.
Re6 Rc8 28. Rxd6 a4 29. Rxb6 a3 30. Rxb7 Rc1+ 31. Kf2 Rc2+ 32. Ke3 Rxg2 33. Ra7
Rxa2 34. Kd4 Rd2+ 35. Kc5 a2 36. b6 Rxh2 37. b7 Rb2 38. Kc6 Rc2+ 39. Kd7 Rb2
40. Kc8 Rc2+ 41. Kb8 Rb2 42. Ka8 a1=Q 43. Rxa1 Ke7 44. Ra6 1-0

[Event "81st Ukrainian Chess Championship"]
[Site "Kiev"]
[Date "2012.08.05"]
[Round "9"]
[White "Eljanov, Pavel"]
[Black "Zubov, Alexander"]
[Result "1-0"]
[WhiteElo "2693"]
[BlackElo "2621"]
[PlyCount "93"]
[EventDate "2012.??.??"]
[EventCountry "UKR"]

1. c4 Nf6 2. Nf3 e6 3. g3 d5 4. Bg2 dxc4 5. Qa4+ Nbd7 6. Qxc4 c5 7. d3 Bd6 8.
a4 b6 9. Nd4 Ne5 10. Nc6 Nxc6 11. Bxc6+ Bd7 12. Bxa8 Qxa8 13. f3 h5 14. Nc3 h4
15. gxh4 Nd5 16. a5 Qc6 17. axb6 axb6 18. Bd2 Bb8 19. Qg4 g6 20. Rg1 Rh5 21.
Ne4 Bxh2 22. Rg2 e5 23. Qxh5 gxh5 24. Rxh2 f5 25. Nf2 Nf6 26. Bc3 e4 27. Rg2
Ng4 28. dxe4 fxe4 29. Nxe4 Bf5 30. Rg1 Bxe4 31. fxg4 Qg6 32. g5 Qd6 33. g6 Bxg6
34. Ra8+ Kd7 35. Rg8 Be4 36. Rf1 Qe6 37. Rg7+ Ke8 38. Rf6 Qh3 39. Rg8+ Kd7 40.
Rg7+ Ke8 41. Rh6 Qxh4+ 42. Kd1 Bc2+ 43. Kxc2 Qe4+ 44. Kd1 Qa4+ 45. b3 Qxb3+ 46.
Kd2 Qd5+ 47. Ke3 1-0

[Event "Superfinal 65th RUS-ch"]
[Site "Moscow"]
[Date "2012.08.06"]
[Round "4"]
[White "Svidler, Peter"]
[Black "Dubov, Daniil"]
[Result "1/2-1/2"]
[WhiteElo "2749"]
[BlackElo "2594"]
[PlyCount "74"]
[EventDate "2012.??.??"]
[EventCountry "RUS"]

1. e4 c5 2. Nf3 d6 3. d4 cxd4 4. Nxd4 Nf6 5. Nc3 Nc6 6. Bg5 e6 7. Qd2 a6 8.
O-O-O Bd7 9. f4 b5 10. Bxf6 gxf6 11. Kb1 Qb6 12. Nxc6 Bxc6 13. f5 b4 14. Ne2 e5
15. Ng3 h5 16. h4 Qc5 17. Qe2 Ke7 18. Nxh5 Bb5 19. Qg4 Bh6 20. Rd5 Qc7 21. Qd1
Bc6 22. Bc4 Rac8 23. Bb3 a5 24. Rd3 a4 25. Bxf7 Bxe4 26. Be6 d5 27. Bxd5 Bxd3
28. cxd3 Rhd8 29. Bc4 Qxc4 30. dxc4 Rxd1+ 31. Rxd1 Rxc4 32. g4 Rxg4 33. Rd7+
Kf8 34. Rd8+ Ke7 35. Rd7+ Kf8 36. Rd8+ Ke7 37. Rd7+ Kf8 1/2-1/2

[Event "Superfinal 65th RUS-ch"]
[Site "Moscow"]
[Date "2012.08.06"]
[Round "4"]
[White "Vitiugov, Nikita"]
[Black "Grischuk, Alexander"]
[Result "1/2-1/2"]
[WhiteElo "2705"]
[BlackElo "2763"]
[PlyCount "107"]
[EventDate "2012.??.??"]
[EventCountry "RUS"]

1. d4 Nf6 2. c4 g6 3. Nc3 Bg7 4. e4 d6 5. f3 O-O 6. Be3 c5 7. Nge2 Nc6 8. d5
Na5 9. Nc1 e6 10. Be2 exd5 11. cxd5 Nd7 12. Nb3 f5 13. Qd2 Ne5 14. Nxa5 Qxa5
15. O-O fxe4 16. Nxe4 Qxd2 17. Bxd2 Nf7 18. Bc3 Bf5 19. Bxg7 Kxg7 20. Nc3 Rae8
21. a4 Re7 22. a5 g5 23. Rfe1 Rfe8 24. Kf2 Kf6 25. Red1 h5 26. Bd3 Re5 27. Ra4
Bd7 28. Ra3 g4 29. Rb3 Bc8 30. Bb5 R8e7 31. Be2 gxf3 32. Bxf3 h4 33. h3 Bf5 34.
Ra3 Bd7 35. Rb3 Be8 36. Bg4 Rc7 37. Rf1 Kg7 38. Kg1 Ng5 39. Rf4 Bf7 40. Nb5
Bxd5 41. Rd3 Rf7 42. Rxf7+ Nxf7 43. Nxa7 Bc4 44. Rd2 d5 45. Nc8 d4 46. Nb6 Bb5
47. b4 Re1+ 48. Kh2 cxb4 49. Rxd4 b3 50. Rb4 Nd6 51. Rxb3 Ne4 52. Bf5 Bc6 53.
Bxe4 Rxe4 54. Rb2 1/2-1/2

[Event "Superfinal 65th RUS-ch"]
[Site "Moscow"]
[Date "2012.08.06"]
[Round "4"]
[White "Alekseev, Evgeny"]
[Black "Andreikin, Dmitry"]
[Result "1/2-1/2"]
[WhiteElo "2673"]
[BlackElo "2715"]
[PlyCount "45"]
[EventDate "2012.??.??"]
[EventCountry "RUS"]

1. e4 e5 2. Nf3 Nc6 3. Bc4 Bc5 4. c3 Nf6 5. d3 a6 6. Bb3 d6 7. O-O O-O 8. h3
Ba7 9. Be3 Ne7 10. Bxa7 Rxa7 11. Nbd2 Ng6 12. d4 Ra8 13. Re1 h6 14. Nf1 Bd7 15.
Qc2 Qe7 16. dxe5 dxe5 17. Ne3 Nf4 18. Rad1 Rad8 19. Nc4 Ng6 20. Ne3 Nf4 21. Nc4
Ng6 22. Ne3 Nf4 23. Nc4 1/2-1/2

[Event "Superfinal 65th RUS-ch"]
[Site "Moscow"]
[Date "2012.08.06"]
[Round "4"]
[White "Potkin, Vladimir"]
[Black "Karjakin, Sergey"]
[Result "1/2-1/2"]
[WhiteElo "2651"]
[BlackElo "2785"]
[PlyCount "63"]
[EventDate "2012.??.??"]
[EventCountry "RUS"]

1. d4 Nf6 2. c4 e6 3. Nc3 Bb4 4. e3 O-O 5. Bd3 d5 6. Nf3 c5 7. O-O Nc6 8. a3
Bxc3 9. bxc3 Qc7 10. Bb2 dxc4 11. Bxc4 e5 12. h3 Bf5 13. Qe2 Rad8 14. Rfd1 Bg6
15. dxe5 Nxe5 16. Nxe5 Qxe5 17. f3 Nd5 18. Bxd5 Rxd5 19. e4 Rdd8 20. c4 Qe7 21.
Rd5 f6 22. Rad1 Bf7 23. Rxd8 Rxd8 24. Rxd8+ Qxd8 25. e5 Qe7 26. Qe4 fxe5 27.
Bxe5 Bg6 28. Qd5+ Bf7 29. Qe4 Bg6 30. Qd5+ Bf7 31. Qe4 Bg6 32. Qd5+ 1/2-1/2

[Event "Superfinal 65th RUS-ch"]
[Site "Moscow"]
[Date "2012.08.06"]
[Round "4"]
[White "Jakovenko, Dmitry"]
[Black "Sjugirov, Sanan"]
[Result "1-0"]
[WhiteElo "2722"]
[BlackElo "2625"]
[PlyCount "170"]
[EventDate "2012.??.??"]
[EventCountry "RUS"]

1. d4 Nf6 2. c4 e6 3. Nf3 Bb4+ 4. Bd2 c5 5. Bxb4 cxb4 6. g3 O-O 7. Bg2 d6 8.
O-O Nc6 9. Ne1 Qb6 10. e3 e5 11. d5 Nb8 12. Nd2 a5 13. h3 Na6 14. Nd3 Nd7 15.
Kh2 Nac5 16. Nxc5 Nxc5 17. Ne4 f5 18. Nxc5 Qxc5 19. Rc1 Bd7 20. Qd2 Rae8 21.
Rfe1 b6 22. Kh1 Re7 23. Kh2 Ref7 24. f4 Re7 25. b3 Rfe8 26. Bf3 a4 27. Kg2 Kf8
28. h4 axb3 29. axb3 Ra8 30. Rc2 Ra3 31. Rb2 Bc8 32. Kf2 Ke8 33. Kg2 Kd8 34.
fxe5 Rxe5 35. e4 h6 36. exf5 Bxf5 37. Rxe5 dxe5 38. Qf2 Qxf2+ 39. Kxf2 Kc7 40.
Ke3 Kd6 41. Be4 Bd7 42. Bb1 Ra1 43. Ke4 Bg4 44. Ke3 Bd1 45. Kd2 Bh5 46. Ke3 Bg4
47. Ke4 Bh5 48. Ke3 Be8 49. g4 h5 50. g5 Bd7 51. Ke4 Bh3 52. Ke3 Bg4 53. Ke4
Bd7 54. Ke3 Bc8 55. Ke4 Bg4 56. Ke3 Ra3 57. Ke4 Bd7 58. Ke3 Ra8 59. Rf2 Ra1 60.
Rb2 Be8 61. Kf3 b5 62. Bd3 Rh1 63. Kg2 Rxh4 64. Ra2 Rd4 65. Bf1 h4 66. Ra6+ Kc5
67. Re6 Rd2+ 68. Kf3 Bd7 69. Re7 Kd6 70. Rxg7 bxc4 71. Bxc4 h3 72. Rh7 Rg2 73.
Rh6+ Kc5 74. g6 Rg1 75. Ke4 Rg5 76. Bf1 Bf5+ 77. Kxe5 Bd3+ 78. Kf6 Rf5+ 79. Ke7
Re5+ 80. Kf6 Rf5+ 81. Ke7 Bxf1 82. g7 Rg5 83. Kf8 Rf5+ 84. Ke7 Rg5 85. Kf8 Rxg7
1-0

[Event "81st Ukrainian Chess Championship"]
[Site "Kiev"]
[Date "2012.08.06"]
[Round "10"]
[White "Korobov, Anton"]
[Black "Eljanov, Pavel"]
[Result "1-0"]
[WhiteElo "2683"]
[BlackElo "2693"]
[PlyCount "99"]
[EventDate "2012.??.??"]
[EventCountry "UKR"]
[TimeControl "40/5400+30:1800+30"]

1. d4 d5 2. c4 c6 3. Nf3 Nf6 4. Nc3 a6 5. c5 Bf5 6. Bf4 Nbd7 7. e3 Nh5 8. Be5
f6 9. Bg3 e5 10. Be2 Nxg3 11. hxg3 Bg6 12. b4 Qc7 13. a4 Bf7 14. b5 Be7 15.
bxc6 bxc6 16. a5 O-O 17. Qc2 g6 18. O-O e4 19. Nd2 f5 20. Rab1 g5 21. f4 exf3
22. Rxf3 Bg6 23. Bd3 g4 24. Rf2 Qxg3 25. Nf1 Qc7 26. g3 Rf7 27. Ne2 Bg5 28. Nf4
Rf6 29. Qa2 Bxf4 30. exf4 Nf8 31. Rfb2 Qg7 32. Rb8 Ra7 33. Re1 h5 34. Qb2 Kh7
35. Qb6 Rff7 36. Qb4 Rfb7 37. Rxb7 Rxb7 38. Qc3 Ra7 39. Ne3 Qf6 40. Ng2 Kg7 41.
Kh2 Kg8 42. Qb2 h4 43. Nxh4 Rh7 44. Kg2 Bf7 45. Re5 Rxh4 46. Rxf5 Qh6 47. Rg5+
Bg6 48. gxh4 Qxh4 49. Bxg6 Nxg6 50. Qb3 1-0

[Event "81st Ukrainian Chess Championship"]
[Site "Kiev"]
[Date "2012.08.06"]
[Round "10"]
[White "Areshchenko, Alexander"]
[Black "Efimenko, Zahar"]
[Result "1/2-1/2"]
[WhiteElo "2691"]
[BlackElo "2689"]
[PlyCount "53"]
[EventDate "2012.??.??"]
[EventCountry "UKR"]
[TimeControl "40/5400+30:1800+30"]

1. e4 e5 2. Nf3 Nc6 3. Bb5 a6 4. Ba4 Nf6 5. O-O Be7 6. Re1 b5 7. Bb3 O-O 8. c3
d5 9. exd5 Nxd5 10. Nxe5 Nxe5 11. Rxe5 c6 12. d4 Bd6 13. Re1 Qh4 14. g3 Qh3 15.
Qe2 Bg4 16. Qf1 Qh5 17. Nd2 Rae8 18. f3 Rxe1 19. Qxe1 Bxf3 20. Nxf3 Qxf3 21.
Bd2 Qg4 22. Qd1 Qd7 23. Qf3 Re8 24. Re1 Rxe1+ 25. Bxe1 Bf8 26. a4 g6 27. Bd2
1/2-1/2

[Event "81st Ukrainian Chess Championship"]
[Site "Kiev"]
[Date "2012.08.06"]
[Round "10"]
[White "Fedorchuk, Sergey A"]
[Black "Volokitin, Andrei"]
[Result "1-0"]
[WhiteElo "2634"]
[BlackElo "2704"]
[PlyCount "87"]
[EventDate "2012.??.??"]
[EventCountry "UKR"]
[TimeControl "40/5400+30:1800+30"]

1. e4 c5 2. Ne2 Nf6 3. Nbc3 d6 4. d4 cxd4 5. Nxd4 a6 6. h3 g6 7. g4 Bg7 8. Bg2
O-O 9. Be3 Nc6 10. Nde2 Nd7 11. a4 Rb8 12. Qd2 Nde5 13. b3 b5 14. axb5 axb5 15.
O-O b4 16. Nd5 e6 17. Ndf4 Qc7 18. Ng3 Bb7 19. Nfe2 d5 20. exd5 exd5 21. Bh6
Bxh6 22. Qxh6 d4 23. Nf4 Nd8 24. Ra7 f6 25. Bd5+ Rf7 26. Re1 Qc3 27. Kf1 Qxc2
28. Ne4 Kh8 29. Rxb7 Rbxb7 30. Nxf6 Ne6 31. Rxe5 Qc1+ 32. Re1 Qxf4 33. Qxf4
Nxf4 34. Re8+ Kg7 35. g5 Rf8 36. Bxb7 Rxe8 37. Nxe8+ Kf7 38. Nf6 Nxh3 39. Nxh7
Kg7 40. Bg2 Nf4 41. Nf6 d3 42. Bf3 Ne6 43. Ne4 Nd4 44. Bd1 1-0

[Event "81st Ukrainian Chess Championship"]
[Site "Kiev"]
[Date "2012.08.06"]
[Round "10"]
[White "Miroshnichenko, Evgenij"]
[Black "Ponomariov, Ruslan"]
[Result "1/2-1/2"]
[WhiteElo "2621"]
[BlackElo "2726"]
[PlyCount "26"]
[EventDate "2012.??.??"]
[EventCountry "UKR"]
[TimeControl "40/5400+30:1800+30"]

1. Nf3 d5 2. d4 Nf6 3. c4 c6 4. cxd5 cxd5 5. Nc3 Nc6 6. Bf4 Ne4 7. e3 e6 8.
Nxe4 dxe4 9. Nd2 Bb4 10. a3 Bxd2+ 11. Qxd2 O-O 12. Bc4 b6 13. O-O Bb7 1/2-1/2

[Event "81st Ukrainian Chess Championship"]
[Site "Kiev"]
[Date "2012.08.06"]
[Round "10"]
[White "Zubov, Alexander"]
[Black "Moiseenko, Alexander"]
[Result "1/2-1/2"]
[WhiteElo "2617"]
[BlackElo "2711"]
[PlyCount "117"]
[EventDate "2012.??.??"]
[EventCountry "UKR"]

1. d4 Nf6 2. c4 e6 3. Nf3 d5 4. Nc3 Bb4 5. Qa4+ Nc6 6. e3 O-O 7. Bd2 dxc4 8.
Bxc4 Bd6 9. Nb5 Be7 10. Rd1 a6 11. Nc3 Bd6 12. Bc1 Qe7 13. Be2 Bd7 14. O-O e5
15. dxe5 Nxe5 16. Qc2 Rad8 17. g3 c5 18. Nxe5 Bxe5 19. Bf3 Be6 20. Ne4 b6 21.
Nxf6+ Bxf6 22. b3 g6 23. Bb2 Bf5 24. Qe2 b5 25. Bxf6 Qxf6 26. Bd5 Be6 27. Bxe6
Qxe6 28. Qc2 c4 29. bxc4 Rxd1 30. Rxd1 bxc4 31. Rd4 Rc8 32. Qc3 Qc6 33. e4 Qa4
34. Rd2 a5 35. Kg2 Qb4 36. Rc2 h5 37. h4 Qb7 38. Qd4 Qc6 39. Rc3 a4 40. a3 Qc7
41. Kf3 Qc6 42. Ke3 Qe6 43. Kf3 Qc6 44. Ke3 Qb5 45. Kf3 Qb7 46. Kf4 Qe7 47. Kf3
Kh7 48. Kg2 Kg8 49. Kf3 Qe6 50. Ke3 Kh7 51. Qd5 Qb6+ 52. Qd4 Qb1 53. Kf4 Qe1
54. Kf3 Qh1+ 55. Ke2 Qa1 56. Kf3 Qh1+ 57. Ke2 Qb1 58. Kf3 Qh1+ 59. Ke2 1/2-1/2

[Event "Laznicka - Shirov, match"]
[Site "Novy Bor"]
[Date "2012.08.06"]
[Round "4"]
[White "Laznicka, Viktor"]
[Black "Shirov, Alexei"]
[Result "0-1"]
[WhiteElo "2683"]
[BlackElo "2706"]
[PlyCount "74"]
[EventDate "2012.??.??"]
[EventCountry "CZE"]

1. d4 d5 2. c4 c6 3. Nc3 Nf6 4. e3 e6 5. Nf3 Nbd7 6. Bd3 dxc4 7. Bxc4 b5 8. Bd3
Bb7 9. O-O a6 10. e4 c5 11. d5 Qc7 12. dxe6 fxe6 13. Bc2 Bd6 14. Ng5 Nf8 15. f4
O-O-O 16. Qe2 h6 17. Nf3 Bxf4 18. a4 b4 19. e5 Bxf3 20. Rxf3 Bxe5 21. Qxa6+ Kb8
22. Rxf6 gxf6 23. Be4 Qa7 24. Qb5+ Kc8 25. Be3 bxc3 26. bxc3 Bd6 27. a5 Rd7 28.
a6 Kd8 29. Qc6 f5 30. Bf3 Ng6 31. Be2 Ne7 32. Qf3 Nd5 33. Bf2 Qb8 34. c4 Nf6
35. Qa3 Rhh7 36. Bh4 Be5 37. Qxc5 Qa7 0-1

[Event "81st Ukrainian Chess Championship"]
[Site "Kiev UKR"]
[Date "2012.07.27"]
[Round "1"]
[White "Korobov, Anton"]
[Black "Kuzubov, Yuriy"]
[Result "1-0"]
[WhiteElo "2678"]
[BlackElo "2623"]
[PlyCount "71"]
[EventDate "2012.07.27"]

1. d4 d5 2. c4 c6 3. Nc3 Nf6 4. Nf3 e6 5. e3 Nbd7 6. Qc2 Bd6 7. g4 h6 8. Rg1 b6
9. h4 Bb4 10. g5 hxg5 11. hxg5 Ne4 12. Bd3 Qc7 13. Bxe4 dxe4 14. Qxe4 Ba6 15.
g6 O-O-O 16. gxf7 Bxc4 17. Bd2 Bxc3 18. Bxc3 Bd5 19. Qg4 Rdf8 20. e4 Nf6 21.
Qxg7 Qf4 22. exd5 Qe4+ 23. Kf1 Qxf3 24. dxe6 Ne4 25. Qg2 Qf5 26. Rc1 Kb7 27. d5
Qxd5 28. Qg4 Rh2 29. Rd1 Qc5 30. Rd7+ Ka8 31. Rg2 Rxg2 32. Qxg2 Qc4+ 33. Kg1
Nxc3 34. bxc3 Qxc3 35. Qg4 Qe1+ 36. Kg2 1-0

[Event "81st Ukrainian Chess Championship"]
[Site "Kiev UKR"]
[Date "2012.07.28"]
[Round "2"]
[White "Efimenko, Zahar"]
[Black "Korobov, Anton"]
[Result "1/2-1/2"]
[WhiteElo "2689"]
[BlackElo "2678"]
[PlyCount "97"]
[EventDate "2012.07.27"]

1. e4 c5 2. Nf3 d6 3. d4 cxd4 4. Nxd4 Nf6 5. Nc3 Nc6 6. Bg5 e6 7. Qd2 a6 8.
O-O-O Bd7 9. f3 Be7 10. Kb1 Qc7 11. h4 h6 12. Be3 h5 13. Nxc6 bxc6 14. Bf4 e5
15. Bg5 Be6 16. Bxf6 gxf6 17. f4 Rb8 18. f5 Qb7 19. b3 Bd7 20. Be2 a5 21. Ka1
Qa7 22. Rh3 Rb4 23. Rd3 d5 24. exd5 Bxf5 25. d6 Bd8 26. d7+ Kf8 27. Rd6 Kg7 28.
Bc4 Qc5 29. Rf1 Bg6 30. Re1 Rb8 31. Na4 Qa7 32. Rxc6 Be7 33. Rd1 Rhd8 34. Ra6
Qc7 35. Qxa5 Rxd7 36. Qxc7 Rxc7 37. Nc3 Bxc2 38. Rc1 Bg6 39. Nd5 Bc5 40. a4 Rd7
41. Ka2 Be4 42. Ra5 Bd4 43. g3 f5 44. Nc3 Bf3 45. Ka3 f6 46. Rb5 Rbd8 47. Ne2
Ba7 48. Rf1 Bc6 49. Ra5 1/2-1/2

[Event "81st Ukrainian Chess Championship"]
[Site "Kiev UKR"]
[Date "2012.07.31"]
[Round "5"]
[White "Korobov, Anton"]
[Black "Vovk, Yuri"]
[Result "1-0"]
[WhiteElo "2678"]
[BlackElo "2562"]
[PlyCount "141"]
[EventDate "2012.07.27"]

1. d4 Nf6 2. c4 g6 3. Nc3 Bg7 4. e4 d6 5. Nf3 O-O 6. Be2 e5 7. O-O Nc6 8. d5
Ne7 9. b4 Nh5 10. Re1 f5 11. Ng5 Nf6 12. f3 Kh8 13. Be3 Nh5 14. c5 Nf4 15. Bc4
Nexd5 16. Nxd5 Qxg5 17. Bxf4 exf4 18. Nxc7 fxe4 19. Nxa8 exf3 20. Qxf3 Bxa1 21.
Rxa1 Qe5 22. Rd1 dxc5 23. Qe2 Qg7 24. Rd6 cxb4 25. Qd2 Qc3 26. Qd4+ Qxd4+ 27.
Rxd4 f3 28. Nc7 fxg2 29. Kxg2 Bf5 30. Bd5 Rc8 31. Nb5 Rc2+ 32. Kg3 a5 33. Nd6
b6 34. Bb3 Rc3+ 35. Kf4 Bc2 36. Nb5 Rc8 37. Be6 Rf8+ 38. Ke5 Bf5 39. Bb3 Kg7
40. Nd6 Bh3 41. Rc4 Bf1 42. Rc7+ Kh6 43. Bd1 b5 44. Nf7+ Kg7 45. Ng5+ Kg8 46.
Bb3+ Bc4 47. Ne6 Bxe6 48. Bxe6+ Kh8 49. Rb7 a4 50. Rxb5 b3 51. a3 Rf2 52. h3 b2
53. Bd5 Kg7 54. Kd4 Rd2+ 55. Kc4 Kf6 56. Be4 Rh2 57. Bd3 g5 58. Rf5+ Ke6 59.
Rxg5 Rxh3 60. Rb5 Rh2 61. Kc3 h5 62. Rxb2 Rh1 63. Rb4 h4 64. Rxa4 h3 65. Rh4
Ke5 66. a4 h2 67. Bc2 Kf6 68. Rh5 Ke6 69. Kb4 Kd6 70. a5 Kc7 71. Kb5 1-0

[Event "81st Ukrainian Chess Championship"]
[Site "Kiev UKR"]
[Date "2012.08.01"]
[Round "6"]
[White "Zubov, Alexander"]
[Black "Korobov, Anton"]
[Result "0-1"]
[WhiteElo "2617"]
[BlackElo "2678"]
[PlyCount "120"]
[EventDate "2012.07.27"]

1. d4 d5 2. c4 c6 3. Nf3 Nf6 4. e3 e6 5. Nc3 Nbd7 6. Qc2 Bd6 7. Bd3 O-O 8. O-O
dxc4 9. Bxc4 b5 10. Bd3 Bb7 11. e4 e5 12. h3 Re8 13. dxe5 Nxe5 14. Nxe5 Bxe5
15. Be3 Qe7 16. a4 b4 17. Ne2 Rad8 18. Rad1 Bc7 19. b3 Bb6 20. Bxb6 axb6 21. f4
g6 22. Ng3 c5 23. Rde1 Rd4 24. e5 Nd5 25. f5 Nf4 26. Be4 Qg5 27. Kh2 Ba6 28.
Rf3 Red8 29. Rf2 Nd3 30. Bxd3 Bxd3 31. Qc1 Qxc1 32. Rxc1 R4d5 33. Re1 Re8 34.
fxg6 Bxg6 35. Ne4 Rdxe5 36. Nf6+ Kh8 37. Nxe8 Rxe1 38. Nd6 Re3 39. Rb2 Re6 40.
Rd2 Re3 41. Rb2 Bd3 42. Rd2 Kg7 43. Kg1 Bg6 44. Rb2 Re6 45. Nc8 Kf6 46. Kf2 Ke5
47. Rd2 Be4 48. Ke3 f5 49. g3 Rg6 50. Kf2 f4 51. gxf4+ Kxf4 52. Nd6 Rg2+ 53.
Ke1 Rg1+ 54. Ke2 Rb1 55. Nxe4 Kxe4 56. Rd7 Rxb3 57. Rxh7 Rb2+ 58. Kd1 c4 59.
Rg7 c3 60. Kc1 Rh2 0-1

[Event "81st Ukrainian Chess Championship"]
[Site "Kiev UKR"]
[Date "2012.08.04"]
[Round "8"]
[White "Korobov, Anton"]
[Black "Miroshnichenko, Evgenij"]
[Result "1-0"]
[WhiteElo "2678"]
[BlackElo "2621"]
[PlyCount "89"]
[EventDate "2012.07.27"]

1. d4 d5 2. c4 c6 3. Nc3 Nf6 4. Nf3 e6 5. Bg5 h6 6. Bxf6 Qxf6 7. e3 Nd7 8. Bd3
dxc4 9. Bxc4 g6 10. O-O Bg7 11. Qc2 O-O 12. Bb3 Qe7 13. Rad1 b6 14. e4 Bb7 15.
Rfe1 Rad8 16. e5 a6 17. Qe4 b5 18. h4 Ba8 19. h5 c5 20. d5 c4 21. Bc2 exd5 22.
Nxd5 Bxd5 23. Rxd5 Nc5 24. Rxc5 Qxc5 25. hxg6 f5 26. Qf4 Qb6 27. Bxf5 Qxg6 28.
Bxg6 Rxf4 29. e6 Bf6 30. e7 Bxe7 31. Rxe7 Rd6 32. Bc2 Kf8 33. Re2 b4 34. Kf1
Rb6 35. Re3 a5 36. Ne5 Rd4 37. Ke1 b3 38. axb3 cxb3 39. Bxb3 a4 40. Bxa4 Rxb2
41. Bd1 Ra2 42. g3 Kg7 43. Bb3 Rb2 44. Kf1 h5 45. Nf3 1-0

[Event "81st Ukrainian Chess Championship"]
[Site "Kiev"]
[Date "2012.08.07"]
[Round "11"]
[White "Ponomariov, Ruslan"]
[Black "Fedorchuk, Sergey A"]
[Result "1/2-1/2"]
[WhiteElo "2726"]
[BlackElo "2634"]
[PlyCount "83"]
[EventDate "2012.??.??"]
[EventCountry "UKR"]
[TimeControl "40/5400+30:1800+30"]

1. d4 Nf6 2. c4 e6 3. Nf3 Bb4+ 4. Nbd2 O-O 5. g3 b6 6. Bg2 Bb7 7. O-O c5 8. a3
Bxd2 9. Qxd2 d5 10. cxd5 Bxd5 11. dxc5 bxc5 12. b4 Nbd7 13. Qe3 cxb4 14. axb4
a5 15. b5 Nb6 16. Qd4 Nc4 17. Bf4 Qe7 18. b6 Qb7 19. Bc7 a4 20. Nh4 Na5 21.
Qxa4 Bxg2 22. Nxg2 Nd5 23. Nf4 Nc6 24. Qe4 Rxa1 25. Rxa1 Nxc7 26. bxc7 Qxc7 27.
Rc1 Rc8 28. Nh5 Qd6 29. Qg4 Qe5 30. Rc5 Qa1+ 31. Kg2 Ne7 32. Rxc8+ Nxc8 33. Qg5
Qd4 34. e3 h6 35. Qb5 Qd8 36. Qe5 Qg5 37. Qb8 Qd5+ 38. Kg1 Qd1+ 39. Kg2 Qd5+
40. Kg1 Qd1+ 41. Kg2 Qd5+ 42. Kg1 1/2-1/2

[Event "81st Ukrainian Chess Championship"]
[Site "Kiev"]
[Date "2012.08.07"]
[Round "11"]
[White "Moiseenko, Alexander"]
[Black "Korobov, Anton"]
[Result "1/2-1/2"]
[WhiteElo "2706"]
[BlackElo "2678"]
[PlyCount "45"]
[EventDate "2012.??.??"]
[EventCountry "UKR"]
[TimeControl "40/5400+30:1800+30"]

1. d4 d5 2. c4 dxc4 3. e3 Nf6 4. Bxc4 e6 5. Nf3 c5 6. O-O a6 7. Bb3 cxd4 8.
exd4 Be7 9. Nc3 O-O 10. Bg5 Nc6 11. Qd2 Na5 12. Bc2 b5 13. Rad1 Ra7 14. Qf4 Rc7
15. Bxf6 Bxf6 16. d5 exd5 17. Rxd5 Rd7 18. Rh5 h6 19. Rxh6 gxh6 20. Qxh6 Re8
21. Bh7+ Kh8 22. Bf5+ Kg8 23. Bh7+ 1/2-1/2

[Event "81st Ukrainian Chess Championship"]
[Site "Kiev"]
[Date "2012.08.07"]
[Round "11"]
[White "Volokitin, Andrei"]
[Black "Areshchenko, Alexander"]
[Result "1/2-1/2"]
[WhiteElo "2704"]
[BlackElo "2691"]
[PlyCount "21"]
[EventDate "2012.??.??"]
[EventCountry "UKR"]
[TimeControl "40/5400+30:1800+30"]

1. e4 c5 2. Nf3 d6 3. d4 cxd4 4. Nxd4 Nf6 5. Nc3 a6 6. Be3 e5 7. Nf3 Be7 8. Bc4
O-O 9. O-O Be6 10. Bxe6 fxe6 11. Na4 1/2-1/2

[Event "81st Ukrainian Chess Championship"]
[Site "Kiev"]
[Date "2012.08.07"]
[Round "11"]
[White "Eljanov, Pavel"]
[Black "Miroshnichenko, Evgenij"]
[Result "1/2-1/2"]
[WhiteElo "2693"]
[BlackElo "2621"]
[PlyCount "63"]
[EventDate "2012.??.??"]
[EventCountry "UKR"]
[TimeControl "40/5400+30:1800+30"]

1. d4 Nf6 2. c4 c6 3. Nf3 d5 4. e3 Bg4 5. h3 Bxf3 6. Qxf3 e6 7. Bd3 Bb4+ 8. Nd2
Nbd7 9. O-O O-O 10. a3 Ba5 11. Qe2 e5 12. cxd5 cxd5 13. dxe5 Nxe5 14. b4 Bc7
15. Bb2 Qd6 16. Bxe5 Qxe5 17. Nf3 Qe7 18. Rfc1 Bb6 19. Rc2 Rac8 20. Rac1 Rxc2
21. Qxc2 g6 22. Qc3 Rd8 23. Rc2 Rd7 24. Qb2 Rc7 25. a4 Rxc2 26. Bxc2 a5 27.
bxa5 Bxa5 28. Bb3 Qd6 29. Ba2 Qc6 30. g4 Ne4 31. Nd4 Qc3 32. Qxc3 1/2-1/2

[Event "Superfinal 65th RUS-ch"]
[Site "Moscow"]
[Date "2012.08.07"]
[Round "5"]
[White "Karjakin, Sergey"]
[Black "Vitiugov, Nikita"]
[Result "1/2-1/2"]
[WhiteElo "2785"]
[BlackElo "2705"]
[PlyCount "91"]
[EventDate "2012.??.??"]
[EventCountry "RUS"]

1. e4 c5 2. Nf3 e6 3. d4 cxd4 4. Nxd4 a6 5. Bd3 Bc5 6. Nb3 Ba7 7. O-O Nc6 8.
Qe2 d6 9. Be3 e5 10. Bxa7 Rxa7 11. Nc3 Nf6 12. Nd5 O-O 13. Nxf6+ Qxf6 14. Nd2
Be6 15. Nc4 Nd4 16. Qe3 b5 17. Nd2 Rb7 18. c3 Nc6 19. b4 Rc8 20. a4 Qd8 21. Ra3
Qb6 22. Qe2 Ne7 23. axb5 axb5 24. Rfa1 h6 25. g3 Kh8 26. Nf1 Ng8 27. Ra6 Qc7
28. R1a3 Bd7 29. Ne3 Nf6 30. Qf3 Rb6 31. Ra7 Rb7 32. R7a5 Qd8 33. Qe2 Rcb8 34.
Bc2 Be6 35. Qd3 Qc7 36. h4 Kg8 37. Qe2 Qc6 38. Qf3 Qc8 39. Bd3 Bd7 40. Nf5 Bxf5
41. Qxf5 Qxf5 42. exf5 d5 43. Ra8 Kf8 44. Kf1 Rxa8 45. Rxa8+ Ke7 46. Ke1
1/2-1/2